<?xml version="1.0" encoding="UTF-8"?>
<marc:record xmlns:marc="http://www.loc.gov/MARC21/slim">
   <marc:leader>00000nam a2200000 a 4500</marc:leader>
   <marc:datafield ind1="1" ind2=" " tag="100">
      <marc:subfield code="a">Cole, Nigel</marc:subfield>
      <marc:subfield code="4">drt</marc:subfield>
      <marc:subfield code="e">Regisseur/-in</marc:subfield>
   </marc:datafield>
   <marc:datafield ind1="0" ind2="0" tag="245">
      <marc:subfield code="a">Grasgeflüster</marc:subfield>
   </marc:datafield>
   <marc:datafield ind1="0" ind2="0" tag="245">
      <marc:subfield code="c">Regie: Nigel Cole. Darsteller: Brenda Blethyn, Martin Clunes, Tchéky Karyo, Jamie Forman, Bill Bailey</marc:subfield>
   </marc:datafield>
   <marc:datafield ind1=" " ind2="1" tag="264">
      <marc:subfield code="b">STUDIOCANAL</marc:subfield>
      <marc:subfield code="c">2001</marc:subfield>
   </marc:datafield>
   <marc:datafield ind1="1" ind2=" " tag="490">
      <marc:subfield code="a">-</marc:subfield>
      <marc:subfield code="v">KO 59</marc:subfield>
   </marc:datafield>
   <marc:datafield ind1="1" ind2=" " tag="520">
      <marc:subfield code="a">Nach dem Tod ihres Mannes steht Grace Trevethan vor einem Scherbenhaufen. Die Hobbygärtnerin muss sich plötzlich nicht nur mit einer heimlichen Geliebten, sondern auch mit einem riesigen Schuldenberg ihres untreuen Gatten auseinandersetzen. Als die Gläubiger bereits vor der Tür stehen und ihr gesamtes Hab und Gut abtransportieren wollen, stimmt sie einem ungewöhnlichen Plan zu: Sie beschließt ihren grünen Daumen zu Geld zu machen und verwandelt ihr Gewächshaus, mit Hilfe ihres Gärtners Mathew, kurzerhand in eine Marihuanaplantage. Vor kurzem noch angesehenes Mitglied einer braven Küstengemeinde, sieht sich Grace nun mit Gangstern, Dealern und der allzu neugierigen Polizei konfrontiert...</marc:subfield>
   </marc:datafield>
   <marc:datafield ind1=" " ind2=" " tag="041">
      <marc:subfield code="a">ger</marc:subfield>
   </marc:datafield>
   <marc:datafield ind1="0" ind2=" " tag="490">
      <marc:subfield code="v">0</marc:subfield>
   </marc:datafield>
   <marc:datafield ind1=" " ind2=" " tag="338">
      <marc:subfield code="a">Videodisk</marc:subfield>
   </marc:datafield>
   <marc:datafield ind1=" " ind2=" " tag="300">
      <marc:subfield code="a">1 DVD</marc:subfield>
   </marc:datafield>
</marc:record>
